000 00236nam a22000977a 4500
999 _c264747
_d264746
020 _a9780689851865
100 _aAndrew Clements
245 _aThe School Story
260 _aNew York
_bAtheneum Books for Young Readers
_c2001
942 _cBK